An introduction to mass and heat transfer /

This book provides more than sufficient material to support a one-semester course in mass and heat transfer; curricula that need to present mass and heat transfer separately in two one-quarter segments are served abundantly.

Đã lưu trong:
Bibliografiske detaljer
Hovedforfatter: Middleman, Stanley.
Format: Bog
Sprog:English
Udgivet: New York : John Wiley and Sons, 1998.
Fag:
Tags: Tilføj Tag
Ingen Tags, Vær først til at tagge denne postø!
Thư viện lưu trữ: Mạng thư viện Đại học Đà Nẵng
LEADER 01118cam a2200361 i 4500
001 000048904
003 8630
005 20051111141845.0
008 010324b1998 vm 000 eng
020 |a 0471111767 
040 |a IRC  |c IRC  |d IRC 
041 0 |a eng 
082 1 4 |a 621.402  |b MI-S 
100 1 |a Middleman, Stanley. 
245 0 3 |a An introduction to mass and heat transfer /  |c Stanley Middleman. 
260 |a New York :  |b John Wiley and Sons,  |c 1998. 
300 |a 672 p. ;  |c 25cm. 
520 3 |a This book provides more than sufficient material to support a one-semester course in mass and heat transfer; curricula that need to present mass and heat transfer separately in two one-quarter segments are served abundantly. 
630 0 4 |a Heat. 
630 0 4 |a Transmission. 
630 0 4 |a Mass transfer. 
650 0 4 |a Heat  |x Transmission. 
650 0 4 |a Mass transfer. 
OWN |a DUT 
999 |a From the UDN01 
TYP |a Monograph 
TYP |a Printed language 
980 |a Mạng thư viện Đại học Đà Nẵng